000 01120cam a22002898i 4500
001 18186956
005 20161112143652.0
008 140613s2015 nju p 001 0 eng
010 _a 2014023113
020 _a978-0-470-66558-9 (pbk.)
040 _aDLC
_beng
_cDLC
_erda
042 _apcc
050 0 0 _aQD151.3
_b.S77 2015
082 0 0 _aDC 546
_22015
_bSt87
100 1 _aStrohfeldt-Venables, Katja.
245 1 0 _aEssentials of inorganic chemistry :
_bfor students of pharmacy, pharmaceutical sciences and medicinal chemistry /
_cDr Katja Strohfeldt-Venables.
260 _aUnited Kingdom:
_bJohn Wiley & Sons,
_cc2015.
263 _a1502
300 _axii, 270 pages:
_billustrations;
_c24 cm.
500 _aIncludes index.
650 0 _aChemistry, Inorganic
_vTextbooks.
776 0 8 _iOnline version:
_aStrohfeldt-Venables, Katja.
_tEssentials of inorganic chemistry
_dHoboken : John Wiley & Sons Inc., 2015
_z9781118695357
_w(DLC) 2014023774
365 _b5,670.00
_cPhp
906 _a7
_bcbc
_corignew
_d1
_eecip
_f20
_gy-gencatlg
942 _2ddc
_cDC
999 _c5602
_d5602